1811 1988 1141 1782 1005 1834 1462 1345 1139 1558 1671 1015 1429 1779 1340 1304 1037 1769 1101 1503 1687 1562 1178 1232 1344 1333 1815 1157 1872 1989 1379 1363 1586 1596 1682 1794 1435 1518 1262 1932 1540 1621 1613 1598 1715 1696 1881 1511 1190 1152 1205 1241 1301 1253 1509 1169 1449 1402 1570 1547 1587 1379 1302 1933 1997 1365 1031 1842 1366 1897 1279 1923 1857 1792 1325 1711 1581 1380 1981 1376 1398 1179 1348 1763 1115 1590 1725 1123 1838 1006 1253 1076 1808 1718 1770 1766 1835 1598 1965 BCNSPRNW ULIB Ver.6.0+V

เปลี่ยนเป็นภาษาไทย

Change to English
 แสดงรายละเอียดบรรณานุกรม
  กลับหน้าหลัก

Brief Record : Get Marc (ISO 2709) : E-mail record : QR code < ปิดหน้าต่าง
LEADER : 00000nam 2200000uu 4500
001    13399113980
003     ULIB
008    110627s||||||||th 000 0 tha d
020    9789749601648
090    นว.^bร942ฮ ล.7 2550
100 0  โรว์ลิ่ง, เจ.เค.
245 00 แฮร์รี่ พอตเตอร์ กับเครื่องรางยมทูต เล่ม7/^cโรว์ลิ่ง, เจ.เค.
250    พิมพ์ครั้งที่ 8
260    กรุงเทพฯ :^bนานมีบุ๊คส์,^c2550
300    970 หน้า
710 1  นานมีบุ๊คส์
945    ^p495^l0^i022285
995    ทศพร
999 ^a ใช้งานได้ทุกระบบ
รายการนี้ยังไม่มีแท็ก
คุณยังไม่ได้ล็อกอิน คุณสามารถมีกิจกรรมร่วมกับเว็บไซต์ได้ แต่ต้องล็อกอินก่อน ::
  ล็อกอิน

รายการสื่อสารสนเทศ

ลำดับที่ ประเภท เลขเรียก/บาร์โค้ด สถานที่ สถานะ
1. นวนิยาย
นวนิยาย
นว. ร942ฮ ล.7 2550 ฉ.1 
  Barcode: 022285
ห้องสมุดวิทยาเขตสวรรค์ประชารักษ์
►นวนิยาย
บนชั้น
  ขอยืม

รายการใกล้เคียง
    ผู้แต่ง [โรว์ลิ่ง, เจ.เค.]

BibComment


ยังไม่เคยถูกคอมเมนท์

คอมเมนท์ทรัพยากรรายการนี้
  คอมเมนท์: แฮร์รี่ พอตเตอร์ ..


 Copyright 2026. Bcnsprnw @Library